Bolgaro-Tschuwaschica Acht Noten zu den Wolga-Bolgarischen Grabinschriften des 13.-14. Jhs. /

Elmentve itt :
Bibliográfiai részletek
Szerző: Pricak Omelân
Dokumentumtípus: Cikk
Megjelent: Harrassowitz Wiesbaden 1959
Sorozat:Ural-Altaische Jahrbücher : Fortsetzung der "Ungarischen Jahrbücher" = Ural-Altaic yearbook
Kulcsszavak:Feliratok - bolgár-török - 13-14. sz. - Volga-vidék - nyelvészet
Tárgyszavak:
Online Access:http://misc.bibl.u-szeged.hu/62015
LEADER 00982nab a2200253 i 4500
001 misc62015
005 20230301140656.0
008 230202s1959 hu o 0|| ger d
040 |a SZTE Miscellanea Repozitórium  |b hun 
041 |a ger 
041 |a tut 
041 |a chv 
100 1 |a Pricak Omelân 
245 1 0 |a Bolgaro-Tschuwaschica   |h [elektronikus dokumentum] :  |b Acht Noten zu den Wolga-Bolgarischen Grabinschriften des 13.-14. Jhs. /  |c  Pricak Omelân 
260 |a Harrassowitz  |b Wiesbaden  |c 1959 
300 |a 274-314  |c 24 cm 
300 |a [41] p. 3 t.  |c 24 cm 
490 0 |a Ural-Altaische Jahrbücher : Fortsetzung der "Ungarischen Jahrbücher" = Ural-Altaic yearbook 
561 |a Németh Gyula hagyaték 
591 |a LOA 2914; NOA 4702 
650 4 |a Bölcsészettudományok 
650 4 |a Nyelvek és irodalom 
695 |a Feliratok - bolgár-török - 13-14. sz. - Volga-vidék - nyelvészet 
856 4 0 |u http://misc.bibl.u-szeged.hu/62015/1/4702_noa.pdf  |z Dokumentum-elérés